| 000 | 00509nam a22001817a 4500 | ||
|---|---|---|---|
| 003 | OSt | ||
| 005 | 20150220110948.0 | ||
| 008 | 150130b xxu||||| |||| 00| 0 eng d | ||
| 040 | _cBMC | ||
| 082 | _a808.0687284 | ||
| 100 | 1 |
_914885 _aMartínez Moreno, Alfredo |
|
| 245 | 1 | 0 |
_aCuentos semihistóricos y legendarios _cAlfredo Martínez Moreno |
| 250 | _a1ª ed | ||
| 260 |
_aSan Salvador _bImprenta Ricaldone _c2004 |
||
| 300 |
_a65 p. _c22 cm |
||
| 650 | 2 | 4 |
_929639 _aCuentos salvadoreños |
| 942 |
_2ddc _cBK |
||
| 999 |
_c17941 _d17941 |
||